000 00638 a2200229 4500
001 18664
999 _c18664
_d10577
003 TR-AnTOB
005 20230606001019.0
008 041102s2001 tu tur
020 _a9751614996
035 _a18664
041 _atur
050 _aDR589
_b.H55 2001
090 _aDR589 .H55 2001
245 0 _aHilafet sevdası karşısında milli hakimiyet mücadelesi /
_chaz. M. Akif Tural.
264 1 _aAnkara :
_bAtatürk Araştırma Merkezi,
_c2001
300 _aiv, 280 s. ;
_c21 cm.
650 _aHilafet hareketi
_910724
651 0 _aTürkiye
_xTarih
_yKurtuluş Savaşı, 1918-1923
_910811
902 _a0002849
942 _cBK